Trendy rozvoje informatizace společnosti

Guardado en:
Detalles Bibliográficos
Autor principal: Syrový, Karel
Formato: Libro
Lenguaje:checo
Publicado: Praha Ústředí vědeckých, technických a ekonomických informací 1990
Edición:1. vyd.
Etiquetas: Agregar Etiqueta
Sin Etiquetas, Sea el primero en etiquetar este registro!

MARC

LEADER 00000nam a2200000 4500
001 c030419
005 20221215120847.7
041 0 |a cze 
044 |a CZ 
245 1 0 |a Trendy rozvoje informatizace společnosti  |c Karel Syrový 
250 |a 1. vyd. 
264 1 |a Praha  |b Ústředí vědeckých, technických a ekonomických informací  |c 1990 
300 |a 71 s. 
100 1 |a Syrový, Karel